000 01154nam a22003017a 4500
001 BD-DhSAU 8665
003 BD-DhSAU
005 20200107113259.0
008 150613b2018 bg a|||| m||| 00| 0 eng d
040 _aBD-DhSAU
082 _222
_a595.7
_bB545
100 _a Biswas , Sanjukta
_4Registration No. 12- 05146
245 _aEco-Friendly management of Sucking and other foliar Insect pests of Brinjal /
_cSanjukta Biswas
_bMs Thesis
260 _aSher-e-Bangla Agricultural University :
_bDepartment of Entomology,
_c2018.
300 _avi, 106 p. :
_bill. ;
_c30 cm.
500 _aMS thesis of Department of Entomology, Faculty of Agriculture, Sher-e-Bangla Agricultural University, Dhaka, Bangladesh
504 _aIncludes bibliographical references.
590 _aShofi
650 _aEntomology
650 _aEco-Friendly management
650 _a Foliar Insect pests
650 _a Sucking
650 _a Brinjal
700 _a Ali , Md. Razzab
_eSuperviser
700 _a Ahmed , Kabir Uddin
_eCo-superviser
856 _uhttp://archive.saulibrary.edu.bd:8080/xmlui/handle/123456789/3052
_yOnline Access
942 _2ddc
_cTHESIS
999 _c14896
_d14895